[Auction particulars for a sale held in Bangkok on 2 October 1906] (Record no. 116446)
[ view plain ]
| 000 -LEADER | |
|---|---|
| fixed length control field | 00783cam a22001815a 4500 |
| 001 - CONTROL NUMBER | |
| control field | L140723 |
| 008 - FIXED-LENGTH DATA ELEMENTS--GENERAL INFORMATION | |
| fixed length control field | 071008s1906 th eng u |
| 035 ## - SYSTEM CONTROL NUMBER | |
| System control number | (Sirsi) u140723 |
| 041 0# - LANGUAGE CODE | |
| Language code of text/sound track or separate title | tha, eng |
| 245 01 - TITLE STATEMENT | |
| Title | [Auction particulars for a sale held in Bangkok on 2 October 1906] |
| 260 ## - PUBLICATION, DISTRIBUTION, ETC. | |
| Date of publication, distribution, etc. | 1906 |
| 300 ## - PHYSICAL DESCRIPTION | |
| Extent | 1 sheet |
| Dimensions | 36 x 15 cm. + |
| Accompanying material | 3 sheets (25 x 20 cm.) |
| 351 ## - ORGANIZATION AND ARRANGEMENT OF MATERIALS | |
| Hierarchical level | Single item |
| 500 ## - GENERAL NOTE | |
| General note | Printed sale particulars accompanied by a letter from the donor, A. Edwardes, of the Royal Survey Department dated 3 October 1906. The letter gives some background as to the procedures encountered at auctions in Thailand (named Siam at the time). |
| 651 4# - SUBJECT ADDED ENTRY--GEOGRAPHIC NAME | |
| Geographic name | Thailand |
| 690 ## - LOCAL SUBJECT ADDED ENTRY--TOPICAL TERM (OCLC, RLIN) | |
| Topical term or geographic name as entry element | PROPERTY-PROPERTY ACQUISITION AND DISPOSAL-ACQUISITION AND DISPOSAL AT AUCTION |
| 942 ## - ADDED ENTRY ELEMENTS (KOHA) | |
| Suppress in OPAC | 0 |
| Withdrawn status | Lost status | Source of classification or shelving scheme | Damaged status | Not for loan | Home library | Current library | Shelving location | Date acquired | Total Checkouts | Full call number | Barcode | Date last seen | Copy number | Price effective from | Koha item type |
|---|---|---|---|---|---|---|---|---|---|---|---|---|---|---|---|
| Dewey Decimal Classification | London | London | Basement | 08/10/2007 | BASEMENT BOX 1 | 140723-1001 | 06/08/2019 | 1 | 06/08/2019 | Archive |